000 00793pam a2200265 a 4500
001 56740
003 BD-RjUL
005 20211209080428.0
008 161203s1982 enk b 001 0 eng
020 _a0415035988
035 _a(BD-RjUL)56864
040 _aDLC
_cDLC
_dDLC
_dBD-RjUL
_beng
041 _aeng
082 0 0 _a907.202
_223
_bALI 1982
100 1 _aʻAẓmah, Azīz.
_9168733
245 1 0 _aIbn Khaldūn :
_ban essay in reinterpretation /
_cAziz Al-Azmeh.
260 _aLondon ;
_aNew York :
_bRoutledge,
_c1982
300 _axv, 176 p. ;
_c22 cm.
490 _aArabic thought and culture
500 _aIncludes index.
600 0 0 _aIbn Khaldūn,
_d1332-1406.
_9168734
650 0 _aHistory
_xPhilosophy.
_9168735
830 _aArabic thought and culture
_9168736
942 _2ddc
_cBK
999 _c56740
_d56740